[Event "Barcelona Espluguenc Rapid"]
[Site "Barcelona"]
[Date "2022.09.11"]
[Round "3"]
[White "Hernandez Giuliani, Manuel Alejandro"]
[Black "Ramon Quintanilla, Pablo"]
[Result "0-1"]
[WhiteElo "1185"]
[BlackElo "1360"]
[PlyCount "79"]
[EventDate "2022.09.11"]
[EventType "swiss (rapid)"]
[EventRounds "7"]
[EventCountry "ESP"]
[SourceTitle "EXT 2023"]
[Source "ChessBase"]
[SourceDate "2022.10.05"]
[SourceVersion "1"]
[SourceVersionDate "2022.10.05"]
[SourceQuality "1"]

1. e4 e5 2. Nf3 Nc6 3. Bc4 Nf6 4. d3 d5 5. exd5 Nxd5 6. 0-0 Nb6 7. Bb3 Bd6 8. Bxf7+ Kxf7 9. Ng5+ Kg8 10. Qf3 Qf6 11. Qxf6 gxf6 12. Ne4 Be7 13. Bh6 Bf5 14. Nbd2 Bxe4 15. Nxe4 Nd7 16. f4 Bf8 17. Bxf8 Rxf8 18. Rae1 Nd4 19. fxe5 fxe5 20. Rxf8+ Kxf8 21. Ng5 h6 22. Ne6+ Nxe6 23. Re4 Nf4 24. Rc4 c5 25. a3 Rg8 26. g3 b5 27. Re4 h5 28. Kf2 Nh3+ 29. Kg2 Ng5 30. Re2 Rg6 31. b3 Rf6 32. Re3 Nb8 33. Rxe5 Nd7 34. Rxg5 Rh6 35. c3 h4 36. c4 h3+ 37. Kg1 bxc4 38. dxc4 Kf7 39. b4 cxb4 40. axb4 0-1

[Event "Barcelona Espluguenc Rapid"]
[Site "Barcelona"]
[Date "2022.09.11"]
[Round "4"]
[White "Jimenez Ramos, Joel"]
[Black "Hernandez Giuliani, Manuel Alejandro"]
[Result "1-0"]
[WhiteElo "1467"]
[BlackElo "1185"]
[PlyCount "82"]
[EventDate "2022.09.11"]
[EventType "swiss (rapid)"]
[EventRounds "7"]
[EventCountry "ESP"]
[SourceTitle "EXT 2023"]
[Source "ChessBase"]
[SourceDate "2022.10.05"]
[SourceVersion "1"]
[SourceVersionDate "2022.10.05"]
[SourceQuality "1"]

1. e4 e5 2. Nf3 Nc6 3. Bc4 Nf6 4. Ng5 d5 5. exd5 Nxd5 6. Bxd5 Qxd5 7. Nc3 Qd8 8. 0-0 Qxg5 9. d4 Qd8 10. dxe5 Bb4 11. Bd2 0-0 12. Ne4 Bxd2 13. Nxd2 Nxe5 14. Re1 Nc6 15. Qe2 Bf5 16. c3 Bg6 17. Qg4 h5 18. Qg3 Qxd2 19. Qxc7 Qxb2 20. Rad1 Rac8 21. Qf4 Qxc3 22. g4 Rfe8 23. Re3 Rxe3 24. fxe3 hxg4 25. Qxg4 Qxe3+ 26. Kf1 Bd3+ 27. Kg2 Ne5 28. Qxc8+ Kh7 29. Qh3+ Qh6 30. Qxh6+ Kxh6 31. Kf2 Ng4+ 32. Kg3 Ne5 33. Kf4 f6 34. Ke3 Bb5 35. Rc1 b6 36. Rc7 a5 37. Rb7 Nc4+ 38. Kd4 Kg5 39. Kc3 Kg4 40. Rxg7+ Kf3 41. h4 Ne5 1-0